000
00263nam a2200109Ia 4500
008
190216s9999||||xx |||||||||||||| ||und||
100
_a
Berkley Gray
245
0
_a
Conquest In The Under World
260
_b
Wilco Publishing House
650
_a
English
942
_c
BK
999
_c
12403
_d
12403